Military Leadership in Nigeria (Record no. 32631)

MARC details
000 -LEADER
fixed length control field 00431nam a2200181Ia 4500
020 ## - INTERNATIONAL STANDARD BOOK NUMBER
ISBN 978-154736-7
050 ## - CALL MARK
Classification number DT 515.834 .O4/
100 ## - STATEMENT OF RESPONSIBILITY--MAIN AUTHOR NAME
Personal name Oluleye, James J.
245 #0 - TITLE STATEMENT
Title Military Leadership in Nigeria
260 ## - PUBLICATION, DISTRIBUTION, ETC. (IMPRINT)
Place of publication Ibadan
260 ## - PUBLICATION, DISTRIBUTION, ETC. (IMPRINT)
Name of publisher University Press
260 ## - PUBLICATION, DISTRIBUTION, ETC. (IMPRINT)
Year of publication 1985
300 ## - PHYSICAL DESCRIPTION
Number of Pages 260 p
650 ## - SUBJECT ADDED ENTRY--TOPICAL TERM
Topical Term Political Science
942 ## - ADDED ENTRY ELEMENTS (KOHA)
Koha item type Books
Holdings
Withdrawn status Lost status Source of classification or shelving scheme Damaged status Not for loan Permanent Location Current Location Shelving location Date acquired Accession Number Price effective from Koha item type
    Library of Congress Classification     NILE UNIVERSITY OF NIGERIA - MAIN LIBRARY NILE UNIVERSITY OF NIGERIA - MAIN LIBRARY Items on shelf 04/23/2025 0002289 04/23/2025 Books